中国人均财政教育支出最多/少的省区 - Statistics

General Stats
  • This quiz has been taken 80 times
  • The average score is 11 of 14
Answer Stats
教育支出 % Correct
最多 0.45 上海
96%
最多 0.54 北京
94%
最多 0.87 西藏
93%
最多 0.42 新疆
86%
最多 0.35 天津
86%
最少 0.19 河南
83%
最多 0.33 浙江
75%
最少 0.19 黑龙江
70%
最少 0.22 四川
69%
最多 0.37 青海
69%
最少 0.18 辽宁
66%
最少 0.21 吉林
63%
最少 0.23 广西
62%
最少 0.22 湖北
55%
No matching quizzes found
Score Distribution
Percent of People with Each Score
Percentile by Number Answered
Your Score History
You have not taken this quiz